Normal view
MARC view
- Institute of Land Surveyors of the Union of South Africa and Southern Rhodesia
Entry Corporate Name
001 - CONTROL NUMBER
- control field: 5287
003 - CONTROL NUMBER IDENTIFIER
- control field: SIRSI
005 - DATE AND TIME OF LATEST TRANSACTION
- control field: 20190806150241.0
008 - FIXED-LENGTH DATA ELEMENTS
- fixed length control field: 070724n| acannaabn |n ana d
040 ## - CATALOGING SOURCE
- Original cataloging agency: OSt
- Transcribing agency: OSt
110 2# - HEADING--CORPORATE NAME
- Corporate name or jurisdiction name as entry element: Institute of Land Surveyors of the Union of South Africa and Southern Rhodesia
670 ## - SOURCE DATA FOUND
- Source citation: The South African Survey Journal, 1923-1985